| 000 | 00633cam a2200193 4500500 | ||
|---|---|---|---|
| 005 | 20260405002140.0 | ||
| 041 | _afre | ||
| 042 | _adc | ||
| 100 | 1 | 0 |
_ade Oliveira, Victorine _eauthor |
| 245 | 0 | 0 | _aLa fragilité du bien. Fortune et éthique dans la tragédie et la philosophie grecques |
| 260 | _c2016. | ||
| 500 | _a94 | ||
| 690 | _aBien | ||
| 690 | _aExistence | ||
| 690 | _aMartha Nussbaum | ||
| 690 | _aVulnérabilité | ||
| 786 | 0 | _nPhilosophie magazine | 97 | 3 | 2016-03-01 | p. 53-54 | 1951-1787 | |
| 856 | 4 | 1 | _uhttps://shs.cairn.info/magazine-philosophie-magazine-2016-3-page-53?lang=fr&redirect-ssocas=7080 |
| 999 |
_c2054774 _d2054774 |
||